Statistics for Countries But Every Other Letter Is Gone

Click here to take the quiz!

General Stats

  • This quiz has been taken 40 times
  • The average score is 15 of 20

Answer Stats

HintAnswer% Correct
PiipnsPhilippines
97%
E SlaoEl Salvador
89%
FacFrance
89%
LbnnLebanon
89%
RmnaRomania
89%
AmnaArmenia
86%
NuuNauru
83%
SraSyria
83%
MlyiMalaysia
81%
AbnaAlbania
78%
MzmiuMozambique
78%
MlMali
75%
Sit Kts Ad NvsSt Kitts And Nevis
75%
AgniaArgentina
67%
SizradSwitzerland
64%
BuaBhutan
56%
TrmnsaTurkmenistan
56%
EwtnEswatini
53%
IeadIreland/Iceland
44%
TreTurkey
44%

Score Distribution

Percentile by Number Answered

Percent of People with Each Score

Your Score History

You have not taken this quiz